000 00832nam a2200217Ii 4500
003 JO-AjNU
008 230605s9999||||xx |||||||||||||| ||und||
017 _a2009/8/3770
040 _aJO-AjNU
_bara
_erda
_cJO-AjNU
041 _aara
050 1 4 _aBP173.75.I77.2010
100 3 _aالوادي،محمود حسين ، خريس،ابراهيم محمد ، سمحان،حسين محمد ، رزيق،كمال محمد ، لطايفة،أمجد سالم ,
_eauthor
_928163
245 0 0 _aالإقتصاد الإسلامي
250 _aط1
264 3 1 _aعمان:دار المسيرة للنشر والتوزيع والطباعة ، 2010
300 _a296ص
336 _atext
_btxt
_2rdacontent
337 _aunmediated
_bn
_2rdamedia
338 _avolume
_bnc
_2rdacarrier
650 4 _aالاقتصاد الاسلامي
_928164
999 _aA10889
_c14457
_d14457